000
00325nam a22001457a 4500
003
SGT
082
_a
617.643
100
_a
Anamika
245
_a
Occlusion Orthodontics and TMDS
260
_a
Gurugram, Haryana
_b
SGT University
_c
2021
300
_a
160
650
_a
Orthodontics
653
_a
Orthodontics
942
_2
ddc
_c
TH
999
_c
23621
_d
23621